000 01437nab a2200217 i 4500
001 768714001
003 CO-MdFUSB
005 20240607125533.0
008 240607t1980 ag ||||| |||| 00| 0 spa d
040 _bspa
_cCO-MdFUSB
_dCO-MdFUSB
041 _aspa
100 _aBreneman, Mervin,
_eautor
245 3 _aEl día de reposo :
_bla santificación del tiempo
_c/ Mervin Breneman
520 _a¿De dónde viene la costumbre de tomar un 'fin de semana' para descansar? El cuarto mandamiento ('Acuérdate del día de reposo para santificarlo'), ¿será para nosotros? La costumbre de tomar libre un día de cada siete, ya casi universal en todo el mundo, viene de la influencia judío-cristiana, de la influencia de la Biblia. De lo que sabemos de la historia antigua, la semana de siete días con uno de reposo no se conocía antes de su uso en Israel. Los estudiosos del Antiguo Cercano Oriente han buscado el origen del día de reposo en otros pueblos. En Mesopotamia los sacerdotes dividían el mes lunar en dos partes separadas por el día 15 (shapattu), el día de la luna nueva.
650 0 _aSantidad
_9393
650 7 _aAntropología bíblica
_96715
650 7 _aHermenéutica bíblica
_97333
773 0 _069974
_982719
_dBuenos Aires
_oR2611
_tCerteza
_w(CO-MdFUSB)768714001
_gNúmero 78, (julio - septiembre, 1980) páginas: 184 - 188
_qpágina: 184
942 _cANA
945 _aCatherine Arias Álvarez - Practicante SENA
999 _c70102
_d70102